| 000 | 00423nam a2200157Ia 4500 | ||
|---|---|---|---|
| 999 |
_c13975 _d13975 |
||
| 082 | _aTG.0233 | ||
| 100 | _aGupta, D.B. | ||
| 245 | 0 | _aExports in a developing economy : A case study of India | |
| 260 |
_c1973 _bM.S. University of Baroda |
||
| 300 | _a329p. + C D - 59 | ||
| 650 | _aEXPORTS - INDIA | ||
| 650 | _aINDIA - ECONOMIC CONDITIONS | ||
| 650 | _aINDIA - COMMERCE | ||
| 710 | _aKothari, V.N. | ||
| 942 |
_cTH _2ddc |
||